000 01142nam a22002777a 4500
005 20240530110459.0
008 150622s2011 ua g b 000 0dara d
017 _a2011/9440
_bمصر . دار الكتب المصرية
020 _a9789774362655
040 _aEG-CaGPL
082 0 4 _221
_a933/
_bق م
100 1 _aقنوهل ، اسرائيل
_qاسرائيل قنوهل
245 1 0 _aمن اين جئنا ؟ :
_bبنو اسرائيل النشأة و التطور الدينى الشفرة الوراثية للعهد القديم /
_cتاليف اسرائيل قنوهل ؛ ترجمة عمرو زكريا
250 _aط1
260 _aالقاهرة :
_bمكتبة النافذة ،
_c2011 .
300 _a252 ص ؛
_c24 سم
650 0 4 _aالصهيونية
650 0 4 _aالتوراة
651 0 4 _aاسرائيل
_xتاريخ
651 0 4 _aاليهود
_xالاصل
651 0 4 _aاسرائيل
_xتاريخ
_yالعصر الحديث
651 0 4 _aاليهود
_xاحوال اجتماعية
651 0 4 _aاليهود
_xكتب الصلاة والعبادة
700 0 _aعمرو زكريا
_eمترجم
942 _2ddc
_cBK
999 _c61437
_d61437